[Event "Schaffhausen op"]
[Site "Schaffhausen"]
[Date "2022.03.18"]
[Round "1"]
[White "Frederic, Clement"]
[Black "Denzinger, Karl"]
[Result "1-0"]
[WhiteElo "2229"]
[BlackElo "1647"]
[PlyCount "45"]
[EventDate "2022.03.18"]
[EventType "swiss"]
[EventRounds "5"]
[EventCountry "SUI"]
[SourceTitle "CBM 207 Extra"]
[Source "ChessBase"]
[SourceDate "2022.05.31"]
[SourceVersion "1"]
[SourceVersionDate "2022.05.31"]
[SourceQuality "1"]

1. e4 c5 2. Nf3 Nc6 3. Bb5 e6 4. Bxc6 bxc6 5. d3 g6 6. e5 Bg7 7. Nc3 Ba6 8. Ne4 Bf8 9. Bg5 Be7 10. Nd6+ Kf8 11. Qd2 h6 12. Bxe7+ Nxe7 13. Qc3 Qb6 14. Ne4 c4 15. dxc4 Rb8 16. b3 Nf5 17. Rd1 Ke7 18. Qd2 Rhd8 19. c5 Qb4 20. c4 d5 21. exd6+ Kd7 22. Qxb4 Rxb4 23. Nf6+ 1-0

[Event "Wil Acrevis op 1st"]
[Site "Wil"]
[Date "2020.06.21"]
[Round "5"]
[White "Cuyvers, Jens"]
[Black "Denzinger, Karl"]
[Result "1-0"]
[WhiteElo "1433"]
[BlackElo "1671"]
[PlyCount "91"]
[EventDate "2020.06.19"]
[EventType "swiss"]
[EventRounds "5"]
[EventCountry "SUI"]
[SourceTitle "CBM 197 Extra"]
[Source "ChessBase"]
[SourceDate "2020.09.30"]
[SourceVersion "1"]
[SourceVersionDate "2020.09.30"]
[SourceQuality "1"]

1. d4 f5 2. c4 Nf6 3. Nc3 e6 4. Nf3 Bb4 5. Qb3 Bxc3+ 6. bxc3 0-0 7. Ba3 Re8 8. e3 h6 9. h4 d6 10. Rd1 Nbd7 11. Be2 b6 12. 0-0 a5 13. c5 bxc5 14. dxc5 d5 15. Nd4 Nb8 16. Qa4 Ne4 17. Bh5 Rf8 18. Qc2 c6 19. Rb1 e5 20. Rxb8 Rxb8 21. Nxc6 Qxh4 22. Nxb8 Qxh5 23. Nc6 Re8 24. Nxa5 Be6 25. Nb7 Ra8 26. Bb4 d4 27. cxd4 Rxa2 28. Qc1 Qh4 29. Be1 Qg5 30. c6 Nf6 31. c7 Bc8 32. Nd6 Ra8 33. Nxc8 Rxc8 34. dxe5 Ng4 35. f4 Qh5 36. Bg3 Qf7 37. e6 Qe7 38. Rd1 Rxc7 39. Qd2 Kh7 40. Kh1 Rc6 41. Kg1 Rxe6 42. Qd7 Rxe3 43. Qxf5+ g6 44. Qxg4 Qa7 45. Rd7+ Re7+ 46. Rxa7 1-0

[Event "Wil Acrevis op 1st"]
[Site "Wil"]
[Date "2020.06.20"]
[Round "3"]
[White "Widmer, Laurin"]
[Black "Denzinger, Karl"]
[Result "0-1"]
[WhiteElo "1227"]
[BlackElo "1671"]
[PlyCount "74"]
[EventDate "2020.06.19"]
[EventType "swiss"]
[EventRounds "5"]
[EventCountry "SUI"]
[SourceTitle "CBM 197 Extra"]
[Source "ChessBase"]
[SourceDate "2020.09.30"]
[SourceVersion "1"]
[SourceVersionDate "2020.09.30"]
[SourceQuality "1"]

1. e4 c5 2. Nf3 Nc6 3. d4 cxd4 4. Nxd4 a6 5. Nxc6 bxc6 6. Nc3 Qc7 7. Bc4 e6 8. 0-0 Bb4 9. Bd2 d5 10. exd5 cxd5 11. Bxd5 Rb8 12. a3 Bd6 13. g3 exd5 14. Nxd5 Qc6 15. Bc3 f6 16. Re1+ Kf8 17. Bb4 Bxb4 18. Nxb4 Qd7 19. Qxd7 Bxd7 20. Nxa6 Rxb2 21. Nc5 Bf5 22. Rac1 Rxc2 23. Rxc2 Bxc2 24. Ne6+ Kf7 25. Nd8+ Kg6 26. Ne6 Nh6 27. Nf4+ Kf5 28. Ra1 Rd8 29. a4 Rd1+ 30. Rxd1 Bxd1 31. a5 Bf3 32. a6 g6 33. Nd3 Nf7 34. a7 Nd6 35. Ne1 Ba8 36. Ng2 Nc8 37. Ne3+ Ke6 0-1

[Event "Zuoz Engiadina op 23rd"]
[Site "Zuoz"]
[Date "2016.10.01"]
[Round "1"]
[White "Schunk, Thomas"]
[Black "Denzinger, Karl"]
[Result "1-0"]
[WhiteElo "2153"]
[BlackElo "1758"]
[PlyCount "53"]
[EventDate "2016.10.01"]
[EventType "swiss"]
[EventRounds "7"]
[EventCountry "SUI"]
[SourceTitle "EXT 2017"]
[Source "ChessBase"]
[SourceDate "2016.10.25"]
[SourceVersion "1"]
[SourceVersionDate "2016.10.25"]
[SourceQuality "1"]

1. c4 e5 2. Nc3 f5 3. g3 Nf6 4. Bg2 Be7 5. e3 d6 6. Nge2 c6 7. 0-0 Be6 8. b3 0-0 9. d4 Nbd7 10. Bb2 Qc7 11. Rc1 Rad8 12. Nd5 Bxd5 13. cxd5 e4 14. Nf4 Qb6 15. dxc6 bxc6 16. Ne6 Nd5 17. Nxd8 Rxd8 18. g4 g6 19. gxf5 gxf5 20. Qh5 Rf8 21. Kh1 Rf7 22. Bh3 Nf8 23. Bxf5 Nf6 24. Rg1+ Rg7 25. Rxg7+ Kxg7 26. Rg1+ Kh8 27. Qf7 1-0

[Event "Zuerich op-B 34th"]
[Site "Zuerich"]
[Date "2010.12.28"]
[Round "4"]
[White "Denzinger, Karl"]
[Black "Frischknecht, Paul"]
[Result "0-1"]
[WhiteElo "1784"]
[BlackElo "1859"]
[PlyCount "52"]
[EventDate "2010.12.26"]
[EventType "swiss"]
[EventRounds "7"]
[EventCountry "SUI"]
[SourceTitle "CBM 140 Extra"]
[Source "ChessBase"]
[SourceDate "2011.03.01"]
[SourceVersion "1"]
[SourceVersionDate "2011.03.01"]
[SourceQuality "1"]

1. e4 e5 2. Nf3 Nc6 3. d4 exd4 4. Nxd4 Nf6 5. Nc3 Bc5 6. Be3 Bb6 7. Qd2 d6 8. 0-0-0 0-0 9. f3 Ne5 10. Nd5 Nxd5 11. exd5 a6 12. Be2 f5 13. h3 Qf6 14. Bg5 Qf7 15. f4 Ng6 16. Bf3 Bxd4 17. Qxd4 h6 18. Bxh6 gxh6 19. Bh5 Kh7 20. Rdg1 Nxf4 21. Qxf4 Qxh5 22. Kb1 Qg5 23. Qf2 Bd7 24. c4 Rae8 25. Qc2 Qe3 26. g4 Qe4 0-1

[Event "Zuerich Seniors op 08th"]
[Site "Zuerich"]
[Date "2010.02.04"]
[Round "?"]
[White "Denzinger, Karl"]
[Black "Forrer, Paul"]
[Result "1-0"]
[WhiteElo "1740"]
[BlackElo "1477"]
[PlyCount "59"]
[EventDate "2010.01.25"]
[EventType "swiss"]
[EventRounds "9"]
[EventCountry "SUI"]
[SourceTitle "EXT 2022"]
[Source "ChessBase"]
[SourceDate "2021.10.06"]
[SourceVersion "1"]
[SourceVersionDate "2021.10.06"]
[SourceQuality "1"]

1. e4 c6 2. d4 d5 3. exd5 cxd5 4. c4 e6 5. Nc3 Nf6 6. Nf3 Bb4 7. a3 Bxc3+ 8. bxc3 0-0 9. Bg5 Nbd7 10. Qb3 Qb6 11. Qc2 Qa5 12. Bd3 dxc4 13. Bxc4 Qc7 14. Bd3 b6 15. 0-0 Bb7 16. Nd2 Rfc8 17. Rac1 Re8 18. f3 Qc8 19. Ne4 Bxe4 20. fxe4 e5 21. Qe2 Qb8 22. Bb5 Qd6 23. dxe5 Qc5+ 24. Be3 Qxe5 25. Bc6 Rad8 26. Bd4 Qe7 27. Rce1 Rc8 28. Bb5 Nxe4 29. Qg4 Qf8 30. Bxd7 1-0

[Event "Zuerich Seniors op 08th"]
[Site "Zuerich"]
[Date "2010.01.28"]
[Round "?"]
[White "Briggen, Franz"]
[Black "Denzinger, Karl"]
[Result "0-1"]
[WhiteElo "1532"]
[BlackElo "1740"]
[PlyCount "122"]
[EventDate "2010.01.25"]
[EventType "swiss"]
[EventRounds "9"]
[EventCountry "SUI"]
[SourceTitle "EXT 2022"]
[Source "ChessBase"]
[SourceDate "2021.10.06"]
[SourceVersion "1"]
[SourceVersionDate "2021.10.06"]
[SourceQuality "1"]

1. e4 c5 2. c4 Nc6 3. Nf3 Qc7 4. Nc3 e6 5. g3 a6 6. Bg2 Nf6 7. 0-0 Be7 8. Re1 d6 9. d3 0-0 10. Be3 Bd7 11. h3 Rfd8 12. Qc2 Ne5 13. Rad1 b5 14. b3 b4 15. Ne2 Bc6 16. Qb2 a5 17. Qc2 a4 18. Ra1 h6 19. Bf4 g5 20. Nxe5 dxe5 21. Be3 Nh5 22. Bf3 Ng7 23. Bg2 f5 24. Bd2 Qb7 25. f3 f4 26. g4 Rd7 27. Nc1 axb3 28. Nxb3 Ba4 29. Bf1 Rad8 30. Qb1 h5 31. Rd1 hxg4 32. hxg4 Kf7 33. Be1 Rh8 34. Rd2 Qc8 35. Rh2 Rxh2 36. Kxh2 Qh8+ 37. Kg1 Ne8 38. Qb2 Ra7 39. Bf2 Rc7 40. Qd2 Nf6 41. Be1 Ra7 42. Qb2 Nd7 43. Nc1 Ra8 44. Nb3 Qh7 45. Nc1 Rh8 46. Qg2 Nf8 47. Nb3 Ng6 48. Nd2 Nh4 49. Qh2 Qg7 50. Qf2 Rh6 51. Bg2 Bc2 52. Qf1 Rh8 53. Qe2 Rd8 54. Bxh4 Bxd3 55. Qd1 gxh4 56. Bh3 Qf8 57. a4 Bf6 58. a5 Qd6 59. a6 Qd4+ 60. Kh2 Bc2 61. Qg1 Qxd2+ 0-1

[Event "Zuerich Seniors op 08th"]
[Site "Zuerich"]
[Date "2010.01.27"]
[Round "?"]
[White "Denzinger, Karl"]
[Black "Schaub, Hans"]
[Result "0-1"]
[WhiteElo "1740"]
[BlackElo "1522"]
[PlyCount "70"]
[EventDate "2010.01.25"]
[EventType "swiss"]
[EventRounds "9"]
[EventCountry "SUI"]
[SourceTitle "EXT 2022"]
[Source "ChessBase"]
[SourceDate "2021.10.06"]
[SourceVersion "1"]
[SourceVersionDate "2021.10.06"]
[SourceQuality "1"]

1. e4 c5 2. Nf3 d6 3. d4 cxd4 4. Nxd4 a6 5. Nc3 e6 6. Be3 Nf6 7. g4 h6 8. f4 e5 9. fxe5 dxe5 10. Nf5 g6 11. Qxd8+ Kxd8 12. 0-0-0+ Kc7 13. g5 gxf5 14. gxf6 f4 15. Nd5+ Kc6 16. Bf2 Nd7 17. b4 b5 18. Bh3 a5 19. Bxd7+ Bxd7 20. Nb6 Ra7 21. Nxd7 Rxd7 22. Rxd7 Kxd7 23. bxa5 Ba3+ 24. Kb1 Ra8 25. Rd1+ Ke6 26. Be1 Kxf6 27. Rd5 b4 28. Bf2 Ke6 29. Bb6 f5 30. Rd8 Rxd8 31. Bxd8 Kd7 32. exf5 Kxd8 33. a6 Kc8 34. f6 f3 35. f7 b3 0-1

[Event "Ascona Seniors op 8th"]
[Site "Ascona"]
[Date "2009.11.11"]
[Round "?"]
[White "Denzinger, Karl"]
[Black "Neitzsch, Richard"]
[Result "1-0"]
[WhiteElo "1781"]
[BlackElo "1775"]
[PlyCount "99"]
[EventDate "2009.11.02"]
[EventType "swiss"]
[EventRounds "9"]
[EventCountry "SUI"]
[SourceTitle "EXT 2022"]
[Source "ChessBase"]
[SourceDate "2021.10.06"]
[SourceVersion "1"]
[SourceVersionDate "2021.10.06"]
[SourceQuality "1"]

1. e4 c5 2. Nf3 Nc6 3. d4 cxd4 4. Nxd4 e6 5. Nc3 a6 6. Be3 Bb4 7. f4 Nf6 8. g4 Bxc3+ 9. bxc3 Nxe4 10. Nxc6 bxc6 11. Qd4 Qf6 12. g5 Qxd4 13. Bxd4 0-0 14. Bd3 d5 15. c4 Nd6 16. c5 Nf5 17. Be5 Ne7 18. Bd6 Re8 19. Rb1 Nf5 20. Be5 Nh4 21. Kf2 Ng6 22. Bd6 e5 23. Bxg6 hxg6 24. fxe5 Bf5 25. Rb2 a5 26. c3 Red8 27. h4 Rd7 28. Rb6 Rc8 29. Ke3 Kh8 30. Rh2 a4 31. a3 f6 32. gxf6 gxf6 33. exf6 Re8+ 34. Be7 Rexe7+ 35. fxe7 Rxe7+ 36. Kd2 Re6 37. Re2 Be4 38. Rf2 Bf5 39. Ra6 Re4 40. Rxc6 d4 41. Rh2 dxc3+ 42. Kxc3 Re3+ 43. Kd4 Rxa3 44. Ke5 Kg7 45. Rc7+ Kf8 46. h5 Re3+ 47. Kf6 Re6+ 48. Kg5 Re7 49. Rxe7 Kxe7 50. h6 1-0

[Event "Ascona Seniors op 8th"]
[Site "Ascona"]
[Date "2009.11.04"]
[Round "?"]
[White "Denzinger, Karl"]
[Black "Joerger, Werner"]
[Result "1-0"]
[WhiteElo "1681"]
[BlackElo "1560"]
[PlyCount "67"]
[EventDate "2009.11.02"]
[EventType "swiss"]
[EventRounds "9"]
[EventCountry "SUI"]
[SourceTitle "EXT 2022"]
[Source "ChessBase"]
[SourceDate "2021.10.06"]
[SourceVersion "1"]
[SourceVersionDate "2021.10.06"]
[SourceQuality "1"]

1. e4 c5 2. Nf3 d6 3. d4 cxd4 4. Nxd4 a6 5. Nc3 e6 6. Be3 Nf6 7. g4 h6 8. h4 Nc6 9. Rg1 Nh7 10. Nf3 g5 11. h5 b5 12. Qd2 Be7 13. 0-0-0 Rg8 14. Bd3 Nb4 15. Nd4 Bd7 16. Kb1 Nf6 17. f3 Nc6 18. Nce2 Ne5 19. Ng3 Nc4 20. Bxc4 bxc4 21. Qe2 Qc7 22. c3 Rb8 23. Nc2 a5 24. Na3 d5 25. exd5 Bxa3 26. Bc1 Qc5 27. Qe5 Qb6 28. Rg2 Be7 29. d6 Bd8 30. Nf5 Bc6 31. Be3 Qb7 32. Rd4 Bxf3 33. d7+ Kf8 34. Qc5+ 1-0

[Event "Zuerich Seniors op 07th"]
[Site "Zuerich"]
[Date "2009.02.02"]
[Round "?"]
[White "Denzinger, Karl"]
[Black "Muench, Ueli"]
[Result "1/2-1/2"]
[WhiteElo "1742"]
[BlackElo "1672"]
[PlyCount "53"]
[EventDate "2009.01.26"]
[EventType "swiss"]
[EventRounds "9"]
[EventCountry "SUI"]
[SourceTitle "EXT 2022"]
[Source "ChessBase"]
[SourceDate "2021.10.06"]
[SourceVersion "1"]
[SourceVersionDate "2021.10.06"]
[SourceQuality "1"]

1. e4 e6 2. d4 d5 3. Nd2 b6 4. Ngf3 Ba6 5. exd5 Bxf1 6. Nxf1 exd5 7. Ne3 Nf6 8. 0-0 Bd6 9. b3 0-0 10. Bb2 c6 11. Rc1 Nbd7 12. c4 Bf4 13. Rc2 Bxe3 14. fxe3 Re8 15. Bc1 Ne4 16. Nd2 Ndf6 17. Qf3 Qd7 18. Nxe4 Nxe4 19. cxd5 cxd5 20. Qf5 Qxf5 21. Rxf5 Rac8 22. Re5 Rf8 23. Rxc8 Rxc8 24. Ba3 h6 25. Rxd5 Rc2 26. Re5 Nf2 27. h3 1/2-1/2

[Event "Ascona Seniors op 7th"]
[Site "Ascona"]
[Date "2008.11.10"]
[Round "?"]
[White "Kreitl, Rudolf"]
[Black "Denzinger, Karl"]
[Result "1/2-1/2"]
[WhiteElo "1939"]
[BlackElo "1735"]
[PlyCount "108"]
[EventDate "2008.11.03"]
[EventType "swiss"]
[EventRounds "9"]
[EventCountry "SUI"]
[SourceTitle "EXT 2022"]
[Source "ChessBase"]
[SourceDate "2021.10.06"]
[SourceVersion "1"]
[SourceVersionDate "2021.10.06"]
[SourceQuality "1"]

1. e4 c5 2. Nf3 Nc6 3. d4 cxd4 4. Nxd4 e6 5. a3 a6 6. Nc3 Qc7 7. Be2 Nf6 8. 0-0 Be7 9. Be3 0-0 10. f4 b5 11. Bf3 Bb7 12. e5 Ne8 13. Ne4 Rc8 14. Nb3 f6 15. exf6 Nxf6 16. Nxf6+ Bxf6 17. c3 d6 18. Qd2 Rcd8 19. Rad1 Ne7 20. Bg4 Nf5 21. Bd4 Bd5 22. Bxf6 Rxf6 23. Nd4 Qc5 24. Qf2 Nh6 25. Bh3 Bc4 26. Rfe1 e5 27. Nf3 Qxf2+ 28. Kxf2 Rxf4 29. Rxe5 Nf7 30. Re3 h5 31. Kg3 Rf6 32. Rde1 g5 33. Be6 Bxe6 34. Rxe6 Rxe6 35. Rxe6 Kg7 36. Nd4 Nh6 37. h3 h4+ 38. Kf3 Rf8+ 39. Ke3 g4 40. Rxd6 g3 41. Ne6+ Kg8 42. Nxf8 Nf5+ 43. Kf4 Nxd6 44. Ng6 Nc4 45. b4 Nxa3 46. Ne7+ Kf7 47. Nd5 Nb1 48. Kg4 Ke6 49. Nc7+ Ke5 50. Kxh4 Kf4 51. Nxa6 Nxc3 52. Nc7 Nd1 53. Ne6+ Ke5 54. Nc7 Kf4 1/2-1/2

[Event "Ascona Seniors op 7th"]
[Site "Ascona"]
[Date "2008.11.04"]
[Round "?"]
[White "Abegg, Beat"]
[Black "Denzinger, Karl"]
[Result "1/2-1/2"]
[WhiteElo "1900"]
[BlackElo "1735"]
[PlyCount "85"]
[EventDate "2008.11.03"]
[EventType "swiss"]
[EventRounds "9"]
[EventCountry "SUI"]
[SourceTitle "EXT 2022"]
[Source "ChessBase"]
[SourceDate "2021.10.06"]
[SourceVersion "1"]
[SourceVersionDate "2021.10.06"]
[SourceQuality "1"]

1. d4 f5 2. Nf3 Nf6 3. Bg5 Ne4 4. Bh4 h6 5. e3 d6 6. Nbd2 g5 7. Bg3 Bg7 8. Nxe4 fxe4 9. Nd2 Bf5 10. Qh5+ Kd7 11. Bc4 e6 12. 0-0-0 Qf6 13. h3 Nc6 14. c3 a6 15. Bb3 b5 16. a3 Na5 17. Ba2 Rhd8 18. Qe2 Rac8 19. b4 Nb7 20. Nb3 Ke7 21. Kb2 c5 22. bxc5 dxc5 23. Be5 Qf7 24. Bxg7 Qxg7 25. Rc1 e5 26. Rhd1 exd4 27. cxd4 c4 28. Nd2 Nc5 29. Ka1 Na4 30. Rc2 Rxd4 31. exd4 Qxd4+ 32. Kb1 e3 33. Qxe3+ Qxe3 34. fxe3 Nc3+ 35. Kc1 Bxc2 36. Kxc2 Nxd1 37. Kxd1 Rd8 38. Ke2 c3 39. Nb3 a5 40. Bb1 b4 41. axb4 axb4 42. Nd4 Kf6 43. Kd3 1/2-1/2

[Event "SUI-ch Seniors op"]
[Site "Samnaun"]
[Date "2008.07.17"]
[Round "8"]
[White "Nydegger, Charles"]
[Black "Denzinger, Karl"]
[Result "1-0"]
[WhiteElo "1787"]
[BlackElo "1831"]
[PlyCount "91"]
[EventDate "2008.07.10"]
[EventType "swiss"]
[EventRounds "9"]
[EventCountry "SUI"]
[SourceTitle "EXT 2024"]
[Source "ChessBase"]
[SourceDate "2023.10.10"]
[SourceVersion "1"]
[SourceVersionDate "2023.10.10"]
[SourceQuality "1"]

1. e4 c5 2. Nf3 e6 3. d4 cxd4 4. Nxd4 a6 5. Be2 Nc6 6. 0-0 Qc7 7. Kh1 Nf6 8. Nc3 Bb4 9. f3 0-0 10. Nxc6 bxc6 11. Na4 d5 12. c3 Bd6 13. h3 dxe4 14. f4 Rd8 15. Qe1 Bb7 16. Be3 c5 17. c4 Qc6 18. Nc3 Ne8 19. f5 exf5 20. Rxf5 g6 21. Rf1 Qc7 22. Qh4 Bg3 23. Qh6 f5 24. h4 Rac8 25. Qg5 Ng7 26. Nd5 Bxd5 27. cxd5 Bd6 28. Rac1 Be7 29. Qh6 Qb6 30. b3 Kh8 31. Bc4 Nh5 32. Kg1 Qf6 33. Bg5 Qd4+ 34. Be3 Qe5 35. Bf4 Nxf4 36. Qxf4 Qd4+ 37. Kh1 Bd6 38. Qg5 Qe5 39. g3 Qxg3 40. Qf6+ Kg8 41. Rc2 a5 42. Rg2 Qe5 43. Rxg6+ hxg6 44. Qxg6+ Qg7 45. Qe6+ Kf8 46. Rxf5+ 1-0

[Event "Ascona Seniors op 6th"]
[Site "Ascona"]
[Date "2007.11.09"]
[Round "?"]
[White "Denzinger, Karl"]
[Black "Deller, Henri"]
[Result "1-0"]
[WhiteElo "1782"]
[BlackElo "1420"]
[PlyCount "61"]
[EventDate "2007.11.05"]
[EventType "swiss"]
[EventRounds "9"]
[EventCountry "SUI"]
[SourceTitle "EXT 2022"]
[Source "ChessBase"]
[SourceDate "2021.10.06"]
[SourceVersion "1"]
[SourceVersionDate "2021.10.06"]
[SourceQuality "1"]

1. e4 d6 2. d4 Nf6 3. Bd3 g6 4. Nf3 Bg7 5. Nc3 0-0 6. Bg5 h6 7. Be3 Nfd7 8. Qd2 e5 9. Bxh6 Nc6 10. Bxg7 Kxg7 11. d5 Ne7 12. h4 Nf6 13. Ng5 c6 14. dxc6 bxc6 15. f3 d5 16. exd5 cxd5 17. g4 a5 18. h5 Rh8 19. 0-0-0 gxh5 20. gxh5 Nxh5 21. Rdg1 Kf6 22. Nh7+ Ke6 23. Rxh5 Ba6 24. Rh6+ Kd7 25. Bxa6 Rxa6 26. Rxa6 Rxh7 27. Nxd5 Nc6 28. Nf6+ Kc7 29. Rxc6+ Kxc6 30. Qxd8 a4 31. Nxh7 1-0

[Event "Ascona Seniors op 6th"]
[Site "Ascona"]
[Date "2007.11.07"]
[Round "?"]
[White "Denzinger, Karl"]
[Black "Lippuner, Hans"]
[Result "1-0"]
[WhiteElo "1782"]
[BlackElo "1590"]
[PlyCount "67"]
[EventDate "2007.11.05"]
[EventType "swiss"]
[EventRounds "9"]
[EventCountry "SUI"]
[SourceTitle "EXT 2022"]
[Source "ChessBase"]
[SourceDate "2021.10.06"]
[SourceVersion "1"]
[SourceVersionDate "2021.10.06"]
[SourceQuality "1"]

1. e4 c6 2. d4 d5 3. e5 Bf5 4. Nf3 e6 5. Be2 c5 6. 0-0 Nc6 7. Be3 cxd4 8. Bxd4 a6 9. Nc3 Bb4 10. Na4 Nge7 11. Bb6 Qd7 12. c3 Ba5 13. Bxa5 Nxa5 14. Nb6 Qd8 15. Nxa8 Qxa8 16. Re1 0-0 17. Nh4 Nac6 18. Nxf5 Nxf5 19. Bd3 Nfe7 20. Qh5 h6 21. Re3 Qe8 22. Rae1 f5 23. Qxe8 Rxe8 24. f4 Ng6 25. g3 Rd8 26. Bc2 d4 27. Rd3 Nf8 28. Red1 b5 29. cxd4 Nb4 30. R3d2 Nxa2 31. Bb3 Nb4 32. d5 exd5 33. Bxd5+ Kh7 34. Bg8+ 1-0

[Event "Zuerich Seniors op 05th"]
[Site "Zuerich"]
[Date "2007.02.01"]
[Round "?"]
[White "Naepflin, Reinhold"]
[Black "Denzinger, Karl"]
[Result "0-1"]
[WhiteElo "1729"]
[BlackElo "1784"]
[PlyCount "144"]
[EventDate "2007.01.22"]
[EventType "swiss"]
[EventRounds "9"]
[EventCountry "SUI"]
[SourceTitle "EXT 2022"]
[Source "ChessBase"]
[SourceDate "2021.10.06"]
[SourceVersion "1"]
[SourceVersionDate "2021.10.06"]
[SourceQuality "1"]

1. e4 c5 2. Nf3 Nc6 3. d4 cxd4 4. Nxd4 e6 5. Nc3 a6 6. Be3 Qc7 7. Be2 Nf6 8. 0-0 Bb4 9. f3 0-0 10. Kh1 Rd8 11. Bg5 Bxc3 12. bxc3 d5 13. Bxf6 gxf6 14. exd5 Rxd5 15. Qc1 Nxd4 16. cxd4 Rxd4 17. Qh6 Qf4 18. Qxf4 Rxf4 19. Rfd1 b5 20. Rd8+ Kg7 21. Rad1 Bb7 22. Rxa8 Bxa8 23. Rd8 Bd5 24. Rd6 Ra4 25. Kg1 Rxa2 26. Bd3 f5 27. Kf2 Kf6 28. f4 Bb3 29. Rc6 b4 30. Ke3 Bd5 31. Rb6 a5 32. g3 h5 33. Kd4 Bf3 34. Kc4 Bd1 35. Kb3 Ra3+ 36. Kb2 Bf3 37. Rb5 Bc6 38. Rc5 Bd5 39. Rb5 Kg6 40. h4 f6 41. Rb6 Kf7 42. Rb5 Be4 43. Be2 Kg6 44. Rb8 Rc3 45. Bd1 Kg7 46. Rb5 Ra3 47. Bxh5 Rxg3 48. Rxa5 Rh3 49. Rb5 Rxh4 50. Bd1 Rxf4 51. Rxb4 Kg6 52. Rd4 Kg5 53. Rd2 Bf3 54. Kc3 e5 55. Rd8 Bxd1 56. Rxd1 Rf3+ 57. Kd2 e4 58. Ke2 Rc3 59. Rg1+ Kf4 60. Rf1+ Ke5 61. Kd2 Rc7 62. c3 f4 63. Rc1 f5 64. Ke2 Rc5 65. Kd2 f3 66. Rh1 Kf4 67. Rc1 e3+ 68. Ke1 Rc8 69. Kf1 Rh8 70. Kg1 f2+ 71. Kg2 Rg8+ 72. Kh2 Kf3 0-1

[Event "Zuerich Seniors op 05th"]
[Site "Zuerich"]
[Date "2007.01.22"]
[Round "?"]
[White "Denzinger, Karl"]
[Black "Toller, Clotin"]
[Result "1-0"]
[WhiteElo "1784"]
[BlackElo "1479"]
[PlyCount "65"]
[EventDate "2007.01.22"]
[EventType "swiss"]
[EventRounds "9"]
[EventCountry "SUI"]
[SourceTitle "EXT 2022"]
[Source "ChessBase"]
[SourceDate "2021.10.06"]
[SourceVersion "1"]
[SourceVersionDate "2021.10.06"]
[SourceQuality "1"]

1. e4 e5 2. Nf3 d6 3. d4 exd4 4. Nxd4 Nf6 5. Nc3 a6 6. a4 Be7 7. Be2 Bd7 8. 0-0 0-0 9. Be3 Nc6 10. f4 Nxd4 11. Bxd4 Bc6 12. Bf3 Re8 13. Qe1 Qd7 14. Rd1 Rab8 15. Qg3 Bd8 16. e5 Bxf3 17. exf6 g6 18. Rxf3 Qf5 19. Qg5 Qxg5 20. fxg5 Rc8 21. Nd5 c6 22. Ne3 d5 23. b4 Bc7 24. Ng4 Bd6 25. c3 Re4 26. Nh6+ Kf8 27. a5 Rce8 28. Rdf1 Bxb4 29. Rb1 Re1+ 30. Rxe1 Rxe1+ 31. Kf2 Rd1 32. Ke2 Bxc3 33. Bxc3 1-0

[Event "EU-ch Seniors 06th"]
[Site "Davos"]
[Date "2006.08.12"]
[Round "8"]
[White "Schuler, Erwin"]
[Black "Denzinger, Karl"]
[Result "1/2-1/2"]
[WhiteElo "1805"]
[BlackElo "1803"]
[PlyCount "84"]
[EventDate "2006.08.05"]
[EventType "swiss"]
[EventRounds "9"]
[EventCountry "SUI"]
[SourceTitle "CBM 113 Extra"]
[Source "ChessBase"]
[SourceDate "2006.09.14"]
[SourceVersion "1"]
[SourceVersionDate "2006.09.14"]
[SourceQuality "1"]

1. Nf3 c5 2. c4 Nc6 3. g3 Nf6 4. Bg2 e6 5. 0-0 Be7 6. Nc3 0-0 7. e3 a6 8. Re1 Qc7 9. d4 cxd4 10. exd4 d5 11. Ne5 dxc4 12. Nxc4 Rd8 13. Bf4 e5 14. Nxe5 Rxd4 15. Qc1 Bd6 16. Nxc6 bxc6 17. Bxd6 Qxd6 18. Ne2 Rd2 19. Qxc6 Qxc6 20. Bxc6 Rb8 21. b3 Bg4 22. Nf4 g5 23. Ng2 Rc8 24. Rac1 Rxa2 25. h4 h6 26. hxg5 hxg5 27. Re5 Nh7 28. Rec5 Rd8 29. Ne3 Be6 30. Nd5 Kg7 31. Nb4 Rb2 32. R1c2 Rb1+ 33. Rc1 Rxc1+ 34. Rxc1 a5 35. Na6 Bxb3 36. Nc5 Bd1 37. Nb7 Rd2 38. Nxa5 Be2 39. Nc4 Rd4 40. Ne3 Rd2 41. Rc2 Rxc2 42. Nxc2 f5 1/2-1/2

[Event "EU-ch Seniors 06th"]
[Site "Davos"]
[Date "2006.08.07"]
[Round "3"]
[White "Denzinger, Karl"]
[Black "Trifunovic, Dusan"]
[Result "0-1"]
[WhiteElo "1803"]
[BlackElo "1985"]
[PlyCount "58"]
[EventDate "2006.08.05"]
[EventType "swiss"]
[EventRounds "9"]
[EventCountry "SUI"]
[SourceTitle "CBM 113 Extra"]
[Source "ChessBase"]
[SourceDate "2006.09.14"]
[SourceVersion "1"]
[SourceVersionDate "2006.09.14"]
[SourceQuality "1"]

1. e4 e5 2. Nf3 d6 3. d4 Nf6 4. Nc3 Nbd7 5. Bc4 Be7 6. Bxf7+ Kxf7 7. Ng5+ Kg8 8. Ne6 Qe8 9. Nxc7 Qg6 10. Nxa8 Qxg2 11. Rf1 Ng4 12. Qe2 h6 13. Be3 Nxh2 14. 0-0-0 Nxf1 15. Rxf1 Kh7 16. f3 Qxe2 17. Nxe2 Bd8 18. dxe5 dxe5 19. Bxa7 Rf8 20. Nc3 g5 21. Kd2 g4 22. Ke2 b6 23. Nd5 Ba6+ 24. Ke1 Bh4+ 25. Rf2 Rxa8 26. Bxb6 Nxb6 27. Nxb6 Rf8 28. Nd7 Rxf3 29. Nxe5 Rxf2 0-1

[Event "Adelboden Seniors op 4th"]
[Site "Adelboden"]
[Date "2006.06.23"]
[Round "5"]
[White "Denzinger, Karl"]
[Black "Chivaux, Serge"]
[Result "1-0"]
[WhiteElo "1803"]
[BlackElo "1644"]
[PlyCount "87"]
[EventDate "2006.06.19"]
[EventType "swiss"]
[EventRounds "9"]
[EventCountry "SUI"]
[SourceTitle "EXT 2007"]
[Source "ChessBase"]
[SourceDate "2006.11.23"]
[SourceVersion "1"]
[SourceVersionDate "2006.11.23"]
[SourceQuality "1"]

1. e4 e6 2. d4 d5 3. Nc3 Nf6 4. e5 Nfd7 5. f4 a6 6. Nf3 c5 7. Be3 Nc6 8. Be2 c4 9. 0-0 Be7 10. Qd2 Nf8 11. Nd1 Bb4 12. c3 Ba5 13. Qc2 b5 14. b4 Bc7 15. a4 Na7 16. a5 Nc6 17. Nf2 Ne7 18. g4 Nfg6 19. Nh3 Qd7 20. Bf2 Bd8 21. Bh4 Nxh4 22. Nxh4 Ng6 23. Ng2 Qe7 24. f5 Nf8 25. f6 gxf6 26. Rxf6 Nd7 27. Rf4 0-0 28. g5 Kg7 29. Raf1 Ra7 30. Bh5 Kg8 31. Rxf7 Rxf7 32. Rxf7 Qxf7 33. Bxf7+ Kxf7 34. Qxh7+ Ke8 35. g6 Be7 36. g7 Nb8 37. g8Q+ Kd7 38. Ngf4 Nc6 39. Qxe6+ Kc7 40. Nxd5+ Kb8 41. Qh8 Bd8 42. Qxc6 Bc7 43. Ne7 Rb7 44. Qxc8+ 1-0